Guidance notes for auctioneers proposing to sell plant and machinery at public auction in England, Wales and Scotland (Record no. 100460)

MARC details
000 -LEADER
fixed length control field 01148cam a2200241 4500
008 - FIXED-LENGTH DATA ELEMENTS--GENERAL INFORMATION
fixed length control field 000000n2000 000 0 eng u
020 ## - INTERNATIONAL STANDARD BOOK NUMBER
International Standard Book Number 1842190180
035 ## - SYSTEM CONTROL NUMBER
System control number (Sirsi) u105638
041 0# - LANGUAGE CODE
Language code of text/sound track or separate title eng
050 04 - LIBRARY OF CONGRESS CALL NUMBER
Classification number 380.1 $2 18
110 2# - MAIN ENTRY--CORPORATE NAME
Corporate name or jurisdiction name as entry element Royal Institution of Chartered Surveyors
9 (RLIN) 4900
245 00 - TITLE STATEMENT
Title Guidance notes for auctioneers proposing to sell plant and machinery at public auction in England, Wales and Scotland
260 ## - PUBLICATION, DISTRIBUTION, ETC.
Place of publication, distribution, etc. London
Name of publisher, distributor, etc. RICS
Date of publication, distribution, etc. 2000
300 ## - PHYSICAL DESCRIPTION
Extent 11p.
Dimensions 30cm.
490 #0 - SERIES STATEMENT
Series statement RICS Guidance Note
520 ## - SUMMARY, ETC.
Summary, etc. Provides best practice advice for the preparation and conduct of the auction including: acceptance and agreement of instructions; pre-auction work; the auction itself; post-auction procedures; complaints handling and disputes resolution; and legal responsibilities. Highlights common problems and areas of liability for the auctioneer.
520 ## - SUMMARY, ETC.
Summary, etc. Superseded by second edition (ISBN 9781842194492).
651 #4 - SUBJECT ADDED ENTRY--GEOGRAPHIC NAME
Geographic name GREAT BRITAIN
690 ## - LOCAL SUBJECT ADDED ENTRY--TOPICAL TERM (OCLC, RLIN)
Topical term or geographic name as entry element PROPERTY-BUSINESS ASSETS-AUCTIONEERING BUSINESS ASSETS
856 41 - ELECTRONIC LOCATION AND ACCESS
Host name http://www.rics.org/site/scripts/downloads.aspx?categoryID=452
942 ## - ADDED ENTRY ELEMENTS (KOHA)
Suppress in OPAC 0
Holdings
Withdrawn status Lost status Source of classification or shelving scheme Damaged status Not for loan Home library Current library Shelving location Date acquired Total Checkouts Full call number Barcode Date last seen Copy number Price effective from Koha item type Date last checked out
    Dewey Decimal Classification     London London RICS Boxes 13/06/2001   RICS 2000/86 30064561 06/08/2019 1 06/08/2019 Reference material  
    Dewey Decimal Classification     London London RICS Boxes 13/06/2001   RICS 2000/86 30064562 06/08/2019 2 06/08/2019 Reference material  
    Dewey Decimal Classification     London London RICS Boxes 13/06/2001 3 RICS 2000/86 30064563 06/08/2019 3 06/08/2019 Book 04/05/2005
    Dewey Decimal Classification     Virtual Virtual Online 04/10/2006   ONLINE PUBLICATION 105638-3001 06/08/2019 1 06/08/2019 Book